| 000 | 01276cam a2200301 a 4500 | ||
|---|---|---|---|
| 001 | 4818448 | ||
| 003 | GBCCL | ||
| 005 | 20241126110421.0 | ||
| 008 | 890224s1990 njuabf b 001 0 eng | ||
| 010 | _a 89031382 | ||
| 020 | _a0136149340 | ||
| 020 | _a0138598363 (pbk.) | ||
| 040 |
_aDLC _cDLC _dDLC |
||
| 050 | 0 | 0 |
_aBS491.2 _b.N485 1990 |
| 082 | 0 | 0 |
_a220.7 _219 _bNEW |
| 245 | 0 | 4 |
_aThe New Jerome biblical commentary / _cedited by Raymond E. Brown, Joseph A. Fitzmyer, Roland E. Murphy ; with a foreword by Carlo Maria Cardinal Martini. |
| 260 |
_aBangalore : _aEnglewood Cliffs, N.J. : _bTheological publications in India, _bPrentice-Hall, _cc1990. |
||
| 300 |
_axlviii, 1484 p., [2] p. of plates : _bill., col. maps ; _c27 cm. |
||
| 504 | _aIncludes bibliographical references (p. 1427-1430) and index. | ||
| 630 | 0 | 0 |
_aBible _xCommentaries. _91243 |
| 700 | 1 |
_aBrown, Raymond E. _q(Raymond Edward), _d1928-1998. _92835 |
|
| 700 | 1 |
_aFitzmyer, Joseph A. _92388 |
|
| 700 | 1 |
_aMurphy, Roland E. _q(Roland Edmund), _d1917-2002. _94458 |
|
| 906 |
_a7 _bcbc _corignew _d1 _eocip _f19 _gy-gencatlg |
||
| 942 |
_2ddc _cREF |
||
| 999 |
_c2180 _d2180 |
||